Statistics for REO Speedwagon Songs on the Billboard Hot 100 Chart (USA)

Click here to take the quiz!

General Stats

  • This quiz has been taken 38 times
  • The average score is 8 of 18

Answer Stats

Peak Chart Position, Year Answer % Correct
1, 1981Keep On Loving You
85%
5, 1981Take It On the Run
74%
1, 1985Can't Fight This Feeling
70%
56, 1978Time For Me to Fly
59%
94, 1977Ridin' the Storm Out
56%
24, 1981Don't Let Him Go
52%
58, 1978Roll With the Changes
52%
7, 1982Keep the Fire Burnin'
48%
20, 1981In Your Letter
48%
19, 1987In My Dreams
44%
19, 1985One Lonely Night
33%
29, 1984I Do'Wanna Know
30%
20, 1988Here With Me
26%
16, 1987That Ain't Love
26%
60, 1987Variety Tonight
22%
34, 1985Live Every Moment
19%
26, 1982Sweet Time
15%
65, 1990Love is a Rock
11%

Score Distribution

Percentile by Number Answered

Percent of People with Each Score

Your Score History

You have not taken this quiz